Geotechnical earthquake engineering / (Record no. 19025)
[ view plain ]
| 000 -LEADER | |
|---|---|
| fixed length control field | 01268aam a2200337 i 4500 |
| 001 - CONTROL NUMBER | |
| control field | 016602326 |
| 003 - CONTROL NUMBER IDENTIFIER | |
| control field | OSt |
| 005 - DATE AND TIME OF LATEST TRANSACTION | |
| control field | 20150314151315.0 |
| 008 - FIXED-LENGTH DATA ELEMENTS--GENERAL INFORMATION | |
| fixed length control field | 131216s2014 enkab b 001 0 eng c |
| 015 ## - NATIONAL BIBLIOGRAPHY NUMBER | |
| National bibliography number | GBB405084 |
| Source | bnb |
| 020 ## - INTERNATIONAL STANDARD BOOK NUMBER | |
| International Standard Book Number | 9781292042671 (paperback) |
| 020 ## - INTERNATIONAL STANDARD BOOK NUMBER | |
| International Standard Book Number | 1292042672 (paperback) |
| 040 ## - CATALOGING SOURCE | |
| Original cataloging agency | StEdNL |
| Language of cataloging | eng |
| Description conventions | rda |
| Transcribing agency | StEdNL |
| Modifying agency | Uk |
| 082 00 - DEWEY DECIMAL CLASSIFICATION NUMBER | |
| Classification number | 624.1762 |
| Edition number | 22 |
| Item number | KRA |
| 100 1# - MAIN ENTRY--PERSONAL NAME | |
| Personal name | Kramer, Steven Lawrence, |
| 245 10 - TITLE STATEMENT | |
| Title | Geotechnical earthquake engineering / |
| Statement of responsibility, etc | Steven L. Kramer. |
| 250 ## - EDITION STATEMENT | |
| Edition statement | Pearson new international ed. |
| 260 ## - PUBLICATION, DISTRIBUTION, ETC. (IMPRINT) | |
| Place of publication, distribution, etc | Harlow, United Kingdom : |
| Name of publisher, distributor, etc | Pearson Education, |
| Date of publication, distribution, etc | c.2014 |
| 300 ## - PHYSICAL DESCRIPTION | |
| Extent | xviii, 653 p. : |
| Other physical details | ill., maps ; |
| Dimensions | 24 cm. |
| 490 1# - Series Statement | |
| Series statement | Prentice-Hall international series in civil engineering and engineering mechanics |
| 490 1# - Series Statement | |
| Series statement | Always learning |
| 504 ## - BIBLIOGRAPHY, ETC. NOTE | |
| Bibliography, etc | Includes bibliographical references (page 597-642) and index. |
| 650 #0 - SUBJECT ADDED ENTRY--TOPICAL TERM | |
| Topical term or geographic name as entry element | Earthquake engineering |
| Form subdivision | Handbooks, manuals, etc. |
| 650 #0 - SUBJECT ADDED ENTRY--TOPICAL TERM | |
| Topical term or geographic name as entry element | Engineering geology |
| Form subdivision | Handbooks, manuals, etc. |
| 653 ## - INDEX TERM--UNCONTROLLED | |
| Resource For college | Engineering, Civil |
| Arrived date list | March2015 |
| 655 ## - INDEX TERM--GENRE/FORM | |
| Form subdivision | |
| -- | 34232 |
| 830 #0 - SERIES ADDED ENTRY--UNIFORM TITLE | |
| Uniform title | Prentice-Hall international series in civil engineering and engineering mechanics. |
| 9 (RLIN) | 7606 |
| 830 #0 - SERIES ADDED ENTRY--UNIFORM TITLE | |
| Uniform title | Always learning. |
| 942 ## - ADDED ENTRY ELEMENTS (KOHA) | |
| Source of classification or shelving scheme | Dewey Decimal Classification |
| Withdrawn status | Item status | Source of classification or shelving scheme | Damaged status | Not for loan | Vendor | Home library | Current library | Shelving location | Date acquired | Source of acquisition | Cost, normal purchase price | Total Checkouts | Full call number | Barcode | Date last seen | Cost, replacement price | Koha item type |
|---|---|---|---|---|---|---|---|---|---|---|---|---|---|---|---|---|---|
| Dewey Decimal Classification | Baccah | Central Library | Central Library | First floor | 14/03/2015 | 270.00 | 624.1762 KRA | 000037564 | 15/07/2025 | 337.50 | Book - Borrowing |